=LDR 00000nam 2200000 4500 =001 INLIS000000000052662 =005 20180222081809 =035 ##$$a 0010-0218000358 =007 ta =008 180222###########################0###### =020 ##$$a 978-602-217-735--7 =082 ##$$a 510.07 =084 ##$$a 510.07 SUT k =100 #$$a Sutrisna =245 1#$$a Konsep dan penerapan matematika SMA/MA kelas IX /$c Sutrisna =250 ##$$a cet.1 =260 ##$$a Jakarta :$b Bumi Aksara,$c 2016 =300 ##$$a x, 159 hlm : $b ilus ; $c 27 cm. =650 ##$$a Slamet waluyo =700 #$$a Editor, Yuni Melfia =504 ##$$a Bibliogrfai : hlm 152 =990 ##$$a 45064506 =990 ##$$a 45064506 =990 ##$$a 45064506 =990 ##$$a 45064506 =990 ##$$a 45064506 =990 ##$$a 21709661 =990 ##$$a 01201804506 =990 ##$$a 01201804507 =990 ##$$a 01201804508 =990 ##$$a 01201804509 =990 ##$$a 21709662 =990 ##$$a 01201804506 =990 ##$$a 01201804507 =990 ##$$a 01201804508 =990 ##$$a 21709661 =990 ##$$a 21709663 =990 ##$$a 01201804506 =990 ##$$a 01201804507 =990 ##$$a 21709662 =990 ##$$a 21709661 =990 ##$$a 21709664 =990 ##$$a 01201804506 =990 ##$$a 21709663 =990 ##$$a 21709662 =990 ##$$a 21709661 =990 ##$$a 21709665 =990 ##$$a 21709664 =990 ##$$a 21709663 =990 ##$$a 21709662 =990 ##$$a 21709661